| 000 | 00714nam a2200205Ia 4500 | ||
|---|---|---|---|
| 003 | GCL | ||
| 008 | 140319s9999 xx 000 0 ara d | ||
| 040 |
_aGCL / _cGCL |
||
| 082 | 0 | 4 |
_a614 _bع ب |
| 100 | 1 | _aعبدالعزيز طريح شرف | |
| 245 | 1 | 0 |
_aالبيئة وصحة الانسان فى الجفرافياالطبية / _cعبدالعزيز طريح شرف |
| 260 |
_a[S.N] : _bدار الجامعات المصرية ، _c1986 |
||
| 300 | _a396 | ||
| 490 |
_aالسلسلة الشعرية الثانية _v0 |
||
| 650 | 0 | 4 | _aالبيئة |
| 650 | 0 | 4 | _aالامراض المعدية |
| 650 | 0 | 4 | _aالامراض الباطنية |
| 650 | 0 | 4 | _aالامراض التناسلية |
| 942 |
_2ddc _cBK |
||
| 999 |
_c52844 _d52844 |
||